[Event "IND-ch U15"]
[Site "Kolkata"]
[Date "2018.07.21"]
[Round "7"]
[White "Kanishk, SK."]
[Black "Sankalp, Gupta"]
[Result "0-1"]
[WhiteElo "1929"]
[BlackElo "2341"]
[PlyCount "108"]
[EventDate "2018.07.17"]
[EventType "swiss"]
[EventRounds "11"]
[EventCountry "IND"]
[SourceTitle "CBM 186 Extra"]
[Source "ChessBase"]
[SourceDate "2018.08.24"]
[SourceVersion "1"]
[SourceVersionDate "2018.08.24"]
[SourceQuality "1"]

1. d4 Nf6 2. c4 e6 3. g3 d5 4. Bg2 Bb4+ 5. Bd2 Bd6 6. Nf3 c6 7. Qc2 Nbd7 8. 0-0 0-0 9. Rd1 Ne4 10. Be1 f5 11. e3 g5 12. Nfd2 g4 13. f4 gxf3 14. Nxf3 Ndf6 15. Nbd2 Bd7 16. Nf1 Be8 17. c5 Bc7 18. b4 Kh8 19. a4 a6 20. Ra2 Rg8 21. Rb1 Qe7 22. Qb2 Qg7 23. Nh4 Qh6 24. Qc1 Bd7 25. Nf3 Raf8 26. Rb3 Rg7 27. Rb1 Qh5 28. Rb3 Rfg8 29. Rbb2 Ng4 30. Re2 Nh6 31. Reb2 Nf7 32. Re2 Be8 33. Reb2 Qh6 34. Rb3 Bd8 35. Re2 Bf6 36. Qa1 Nd8 37. Rc2 Qg6 38. Rbb2 Qf7 39. Rb3 Qc7 40. N3d2 Nf7 41. Nxe4 fxe4 42. Rf2 Qe7 43. Bc3 h5 44. Rb1 h4 45. Qb2 Nh6 46. Qe2 Rh7 47. Rc1 hxg3 48. hxg3 Nf5 49. Be1 Bh5 50. Qd2 Bg5 51. Bh1 Qg7 52. Rh2 Nxd4 53. Qb2 Bf6 54. Bc3 Ne2+ 0-1

[Event "Mumbai Wealth op 3rd"]
[Site "Mumbai"]
[Date "2018.01.03"]
[Round "5"]
[White "Dahale, Atul"]
[Black "Kanishk, SK."]
[Result "1-0"]
[WhiteElo "2140"]
[BlackElo "1808"]
[PlyCount "77"]
[EventDate "2017.12.30"]
[EventType "swiss"]
[EventRounds "9"]
[EventCountry "IND"]
[SourceTitle "CBM 182 Extra"]
[Source "ChessBase"]
[SourceDate "2018.02.23"]
[SourceVersion "1"]
[SourceVersionDate "2018.02.23"]
[SourceQuality "1"]

1. d4 Nf6 2. c4 e6 3. Nc3 Bb4 4. e3 d5 5. Qa4+ Nc6 6. a3 Bxc3+ 7. bxc3 0-0 8. Nf3 Bd7 9. Qc2 Re8 10. Be2 Na5 11. cxd5 exd5 12. Ne5 c5 13. 0-0 Rc8 14. Bd3 g6 15. Qe2 cxd4 16. cxd4 Nb3 17. Rb1 Nxc1 18. Rfxc1 Rxc1+ 19. Rxc1 Be6 20. Qb2 Qa5 21. Qxb7 Qxa3 22. Rc7 Qa1+ 23. Bf1 Rf8 24. Qxa7 Qd1 25. Qa3 Ne4 26. Qc1 Qh5 27. f3 Nf6 28. Nd3 Bf5 29. Qc6 Bxd3 30. Bxd3 Kg7 31. Qe6 Qg5 32. Qe5 Qh4 33. g3 Qh5 34. g4 Qxe5 35. dxe5 Ng8 36. Rd7 Rb8 37. e6 Rf8 38. g5 h6 39. h4 1-0

[Event "Mumbai Wealth op 3rd"]
[Site "Mumbai"]
[Date "2017.12.30"]
[Round "1"]
[White "Iniyan, Sivakumar"]
[Black "Kanishk, SK."]
[Result "0-1"]
[WhiteElo "1538"]
[BlackElo "1808"]
[PlyCount "116"]
[EventDate "2017.12.30"]
[EventType "swiss"]
[EventRounds "9"]
[EventCountry "IND"]
[SourceTitle "CBM 182 Extra"]
[Source "ChessBase"]
[SourceDate "2018.02.23"]
[SourceVersion "1"]
[SourceVersionDate "2018.02.23"]
[SourceQuality "1"]

1. e4 c5 2. Nf3 d6 3. d4 cxd4 4. Nxd4 Nf6 5. Nc3 a6 6. Bc4 e6 7. Bb3 Be7 8. Be3 b5 9. f3 0-0 10. Qe2 Bb7 11. 0-0 Qc7 12. Rfd1 Nc6 13. Rac1 Rac8 14. Qf2 Ne5 15. Qg3 Nc4 16. Bxc4 Qxc4 17. Nb3 Qc7 18. a3 Rfd8 19. Kh1 Nd7 20. Bd4 Bf6 21. Bxf6 Nxf6 22. Rd2 Qb6 23. Rcd1 d5 24. exd5 Bxd5 25. Nd4 b4 26. axb4 Qxb4 27. Nxd5 Nxd5 28. c3 Qb6 29. h3 Ne3 30. Re1 Nc4 31. Rde2 Nxb2 32. Rb1 Rxc3 33. Nxe6 fxe6 34. Rexb2 Rc1+ 35. Rxc1 Qxb2 36. Qc7 Qf6 37. Qb6 e5 38. Qxf6 gxf6 39. Rc6 Kg7 40. Rxa6 Kg6 41. Kh2 h5 42. Ra5 h4 43. Ra2 Rd3 44. Ra4 Rd4 45. Ra2 Rf4 46. Rf2 e4 47. g3 e3 48. gxf4 exf2 49. Kg2 Kf5 50. Kf1 Kxf4 51. Kxf2 f5 52. Ke2 Kg3 53. Ke3 Kxh3 54. Kf4 Kg2 55. Kxf5 Kxf3 56. Kg5 h3 57. Kh4 h2 58. Kg5 h1Q 0-1

[Event "Chennai op 9th"]
[Site "Chennai"]
[Date "2017.01.18"]
[Round "1"]
[White "Kanishk, SK."]
[Black "Jaiswal, Puneet"]
[Result "0-1"]
[WhiteElo "1618"]
[BlackElo "2183"]
[PlyCount "63"]
[EventDate "2017.01.18"]
[EventType "swiss"]
[EventRounds "10"]
[EventCountry "IND"]
[SourceTitle "CBM 176 Extra"]
[Source "ChessBase"]
[SourceDate "2017.03.02"]
[SourceVersion "1"]
[SourceVersionDate "2017.03.02"]
[SourceQuality "1"]

1. d4 b6 2. g3 Bb7 3. Nf3 g6 4. Bg2 Bg7 5. 0-0 d6 6. c4 Nd7 7. Nc3 Ngf6 8. Bf4 0-0 9. Qd2 Re8 10. Rfd1 a6 11. Rac1 c5 12. d5 b5 13. Bh6 Bh8 14. Qf4 bxc4 15. Bh3 Nb6 16. Ng5 Bc8 17. Bxc8 Qxc8 18. Nce4 Qf5 19. Qh4 Nxe4 20. Nxe4 Bxb2 21. Rb1 Na4 22. Ng5 Bf6 23. e4 Qe5 24. Rbc1 Nb2 25. Rd2 c3 26. Rdc2 Nd3 27. Rd1 Nb4 28. f4 Bxg5 29. Bxg5 Qxe4 30. Rxc3 f6 31. Bh6 Nxa2 32. Rcd3 0-1